[Event "22nd Alekhine FIDE 2018"]
[Site "Voronezh"]
[Date "2018.06.17"]
[Round "6"]
[White "Lukovnikov, Alexander"]
[Black "Lebedev, Mikhail S"]
[Result "1/2-1/2"]
[WhiteElo "2153"]
[BlackElo "2103"]
[Annotator "NA"]
[PlyCount "87"]
[EventDate "2018.??.??"]
[EventType "swiss"]
[EventCountry "RUS"]
[SourceTitle "playchess.com"]
[Source "ChessBase"]
[SourceQuality "1"]
[TimeControl "5400+30"]

1. e4 {[%emt 0:00:00]} c5 {[%emt 0:00:42]} 2. Nc3 {[%emt 0:00:00]} Nc6 {[%emt 0:00:47]} 3. f4 {[%emt 0:00:00]} e6 {[%emt 0:01:21]} 4. Nf3 {[%emt 0:00:00]} d5 {[%emt 0:01:41]} 5. Bb5 {[%emt 0:00:11]} Nge7 {[%emt 0:01:05]} 6. d3 {[%emt 0:00:32]} a6 {[%emt 0:07:00]} 7. Bxc6+ {[%emt 0:00:14]} Nxc6 {[%emt 0:00:06]} 8. O-O {[%emt 0:00:13] LiveBook: 21 Games} Be7 {[%emt 0:02:37] B23: Sizilianisch (Geschlossenes System)} 9. Ne5 {[%emt 0:13:20]} (9. Kh1 b5 10. Qe1 b4 11. Na4 O-O 12. Be3 Qa5 13. b3 Qb5 14. c4 bxc3 15. Nxc3 Qb7 16. exd5 exd5 17. Nxd5 {1-0 (76) Shabalov,A (2544)-Pichot,A (2552) chess.com INT 2018}) 9... Nd4 {[%emt 0:22:19]} 10. Ne2 {[%emt 0:07:34]} Nxe2+ $146 {[%emt 0:09:32]} ({Vorgänger:} 10... dxe4 11. dxe4 f6 12. Nd3 O-O 13. Be3 Nc6 14. a4 b6 15. Qe1 Bb7 16. Rd1 {½-½ (30) Wilkes,G (1824)-Starp,K (2114) GER email 2007}) 11. Qxe2 O-O {[%emt 0:00:11]} 12. Kh1 {[%emt 0:01:49]} f6 {[%emt 0:04:52]} 13. Nf3 {[%emt 0:00:25]} Re8 {[%emt 0:03:41]} 14. Bd2 {[%emt 0:02:59]} Bd7 {[%emt 0:03:52]} 15. Rae1 {[%emt 0:03:59]} Bf8 {[%emt 0:04:48]} 16. Qf2 {[%emt 0:01:02]} dxe4 {[%emt 0:02:04]} 17. Rxe4 {[%emt 0:01:00]} Bc6 {[%emt 0:00:28]} 18. Re2 {[%emt 0:03:29]} Qd5 {[%emt 0:01:33]} 19. b3 {[%emt 0:00:40]} b5 {[%emt 0:02:37]} 20. Be3 {[%emt 0:12:10]} a5 {[%emt 0:05:59]} 21. Rd2 {[%emt 0:00:44]} a4 {[%emt 0:01:26]} 22. c4 {[%emt 0:00:29]} Qf5 {[%emt 0:02:59]} 23. h3 {[%emt 0:05:46]} axb3 {[%emt 0:02:35]} 24. axb3 {[%emt 0:00:18]} Ra3 {[%emt 0:00:35]} 25. cxb5 {[%emt 0:11:10]} Bxb5 {[%emt 0:00:57]} 26. Rc1 {[%emt 0:01:45]} Rxb3 {[%emt 0:06:09]} 27. Nh4 {[%emt 0:06:30]} Qd5 {[%emt 0:00:42]} 28. Bxc5 {[%emt 0:00:18]} Rxd3 {[%emt 0:01:44]} 29. Rxd3 {[%emt 0:00:10]} Qxd3 {[%emt 0:00:26]} 30. Bxf8 {[%emt 0:00:10]} Rxf8 {[%emt 0:00:07]} 31. Rc7 {[%emt 0:02:23]} Qf1+ {[%emt 0:00:42]} 32. Qxf1 {[%emt 0:00:13]} Bxf1 {[%emt 0:00:05]} 33. Nf3 {[%emt 0:00:21]} Re8 {[%emt 0:01:14]} 34. Kg1 {[%emt 0:07:19]} Bd3 {[%emt 0:00:14]} 35. Kf2 {[%emt 0:01:37]} Be4 {[%emt 0:00:48]} 36. Nd4 {[%emt 0:02:25]} e5 {[%emt 0:02:06]} 37. Nb5 {[%emt 0:00:36]} Bd3 {[%emt 0:01:36]} 38. Nd6 {[%emt 0:00:41]} Rd8 {[%emt 0:00:10]} 39. fxe5 {[%emt 0:01:17]} fxe5 {[%emt 0:00:05]} 40. Nb7 {[%emt 0:01:29]} Rf8+ {[%emt 0:00:12]} 41. Kg3 {[%emt 0:05:04]} Bg6 {[%emt 0:01:17]} 42. Nc5 {[%emt 0:01:07]} Re8 {[%emt 0:00:19]} 43. Kf3 $11 {[%emt 0:00:21]} h6 {[%emt 0:01:08]} 44. Ke3 {[%emt 0:00:05]} 1/2-1/2

[Event "22nd Alekhine FIDE 2018"]
[Site "Voronezh"]
[Date "2018.06.17"]
[Round "6"]
[White "Kolomensky, Vladimir"]
[Black "Nesterov, Andrey"]
[Result "1-0"]
[WhiteElo "2120"]
[BlackElo "2010"]
[Annotator "NA"]
[PlyCount "68"]
[EventDate "2018.??.??"]
[EventType "swiss"]
[EventCountry "RUS"]
[SourceTitle "playchess.com"]
[Source "ChessBase"]
[SourceQuality "1"]
[TimeControl "5400+30"]

1. e4 {[%emt 0:00:00]} c5 {[%emt 0:00:43]} 2. Nf3 {[%emt 0:00:00]} d6 {[%emt 0:00:11]} 3. d4 {[%emt 0:00:00]} cxd4 {[%emt 0:00:10]} 4. Nxd4 {[%emt 0:00:00]} Nf6 {[%emt 0:00:13]} 5. Nc3 {[%emt 0:00:00]} g6 {[%emt 0:00:09]} 6. Be2 {[%emt 0:00:11]} Bg7 {[%emt 0:00:43]} 7. O-O {[%emt 0:00:07]} O-O {[%emt 0:00:05]} 8. Bg5 {[%emt 0:01:13]} Nc6 {[%emt 0:03:41]} 9. Nb3 {[%emt 0:01:04]} Be6 {[%emt 0:04:10]} 10. Re1 {[%emt 0:00:19]} Re8 {[%emt 0:07:54] B70: Sicilian Dragon: 6 g3 and 6 Be2 (without a later Be3)} 11. Bf1 {[%emt 0:02:34] LiveBook: 6 Games} Rc8 {[%emt 0:10:59]} 12. Nd5 {[%emt 0:00:38]} Nxd5 $146 {[%emt 0:24:57]} (12... Ne5 $11) ({Predecessor:} 12... Nd7 13. c3 a6 14. f4 f6 15. Bh4 Bf7 16. Bf2 e6 17. Ne3 Qc7 18. Qf3 {1-0 (59) Rublevsky,S (2692)-Dordzhieva,D (2230) Khanty-Mansiysk 2015}) 13. exd5 Bxd5 {[%emt 0:00:04]} (13... h6 $16) 14. Qxd5 {[%emt 0:00:44]} Nb4 {[%emt 0:00:12]} 15. Qxb7 {[%emt 0:02:45]} Nxc2 {[%emt 0:18:37]} 16. Rxe7 {[%emt 0:49:26]} Rb8 17. Qxa7 {[%emt 0:49:55]} Ra8 {[%emt 0:00:45]} 18. Qb7 {[%emt 0:00:37]} Rb8 {[%emt 0:01:09]} 19. Qe4 Nxa1 20. Rxe8+ {[%emt 0:07:03]} Qxe8 {[%emt 0:00:38]} 21. Qxe8+ {[%emt 0:00:03]} Rxe8 {[%emt 0:00:07]} 22. Nxa1 {[%emt 0:00:03]} Bxb2 {[%emt 0:00:32]} 23. Nc2 {[%emt 0:01:00]} d5 {[%emt 0:03:00]} 24. Bb5 {[%emt 0:13:52]} Rc8 {[%emt 0:03:30]} 25. Nb4 {[%emt 0:02:59]} Ba3 {[%emt 0:03:04]} 26. Nc6 {[%emt 0:00:33]} Kg7 {[%emt 0:05:56]} 27. Kf1 {[%emt 0:01:17]} f6 {[%emt 0:00:08]} 28. Be3 {[%emt 0:00:08]} Kf7 {[%emt 0:03:00]} 29. Ke2 {[%emt 0:00:10]} Ke6 {[%emt 0:00:51]} 30. Kd3 {[%emt 0:06:49]} Kd6 {[%emt 0:05:24]} 31. Na7 $18 {[%emt 0:01:20]} Ra8 {[%emt 0:04:29]} 32. Ba4 {[%emt 0:05:11]} Ke6 33. Bc6 {[%emt 0:00:01]} Rb8 {[%emt 0:02:45]} 34. Nb5 Bb2 1-0

[Event "22nd Alekhine FIDE 2018"]
[Site "Voronezh"]
[Date "2018.06.17"]
[Round "6"]
[White "Khajrutdinov, Ildar"]
[Black "Tikhonov, Viacheslav"]
[Result "0-1"]
[WhiteElo "2106"]
[BlackElo "1993"]
[Annotator "ChessBase"]
[PlyCount "78"]
[EventDate "2018.??.??"]
[EventType "swiss"]
[EventCountry "RUS"]
[SourceTitle "playchess.com"]
[Source "ChessBase"]
[SourceQuality "1"]
[TimeControl "5400+30"]

1. Nf3 {[%emt 0:00:00]} c5 {[%emt 0:01:47]} 2. g3 {[%emt 0:00:03]} Nc6 {[%emt 0:00:47]} 3. Bg2 {[%emt 0:00:18]} g6 {[%emt 0:00:13]} 4. O-O {[%emt 0:00:47]} Bg7 {[%emt 0:00:02]} 5. c4 {[%emt 0:00:57]} e5 {[%emt 0:01:38]} 6. Nc3 {[%emt 0:01:02]} Nge7 {[%emt 0:00:11]} 7. Ne1 {[%emt 0:08:16]} O-O {[%emt 0:05:20]} 8. Nc2 {[%emt 0:01:30]} Nd4 {[%emt 0:04:45]} 9. Ne3 {[%emt 0:15:09]} d6 {[%emt 0:04:20]} 10. Ned5 {[%emt 0:01:35]} Rb8 {[%emt 0:06:25]} 11. e3 {[%emt 0:08:27]} Ne6 {[%emt 0:00:19]} 12. a3 {[%emt 0:09:04]} a6 {[%emt 0:03:05]} 13. b4 {[%emt 0:03:37]} cxb4 {[%emt 0:04:39]} 14. axb4 {[%emt 0:00:21]} b5 {[%emt 0:00:10]} 15. Nxe7+ {[%emt 0:02:55]} Qxe7 {[%emt 0:00:06]} 16. cxb5 {[%emt 0:00:12]} axb5 {[%emt 0:00:49]} 17. Ra5 {[%emt 0:01:26]} Nc7 {[%emt 0:04:21]} 18. Ra7 {[%emt 0:12:06]} Qd8 {[%emt 0:02:10]} 19. Bb2 {[%emt 0:07:22]} d5 {[%emt 0:10:38]} 20. Qa1 {[%emt 0:01:56]} Rb7 {[%emt 0:13:29]} 21. Rc1 {[%emt 0:00:44]} Qd6 {[%emt 0:02:19]} 22. Rxb7 {[%emt 0:05:56]} Bxb7 {[%emt 0:00:05]} 23. Qa7 {[%emt 0:00:19]} Bc6 {[%emt 0:03:51]} 24. Ne2 {[%emt 0:07:41]} Ra8 {[%emt 0:02:27]} 25. Qb6 {[%emt 0:01:08]} Ra6 {[%emt 0:00:14]} 26. Qb8+ {[%emt 0:01:24]} Ne8 {[%emt 0:01:43]} 27. Qc8 {[%emt 0:05:07]} Bd7 {[%emt 0:01:57]} 28. Qc5 {[%emt 0:01:03]} Ra2 {[%emt 0:06:19]} 29. Bc3 {[%emt 0:02:45]} Qxc5 {[%emt 0:04:31]} 30. bxc5 {[%emt 0:00:01]} Bc6 {[%emt 0:00:01]} 31. Ra1 {[%emt 0:01:16]} Rxa1+ {[%emt 0:00:16]} 32. Bxa1 {[%emt 0:00:01]} b4 {[%emt 0:02:31]} 33. d4 {[%emt 0:00:42]} Bb5 {[%emt 0:02:17]} 34. Bf1 {[%emt 0:00:57]} Bxe2 {[%emt 0:02:36]} 35. Bxe2 {[%emt 0:00:02]} exd4 {[%emt 0:00:05]} 36. exd4 {[%emt 0:00:30]} Nc7 {[%emt 0:00:10]} 37. Bf3 {[%emt 0:01:11]} Kf8 {[%emt 0:01:42]} 38. Kf1 {[%emt 0:00:13]} Ke7 {[%emt 0:00:02]} 39. Ke2 {[%emt 0:00:10]} Ke6 {[%emt 0:00:02]} 0-1

[Event "22nd Alekhine FIDE 2018"]
[Site "Voronezh"]
[Date "2018.06.17"]
[Round "6"]
[White "Yakimenko, Alexander A"]
[Black "Napalkov, Vladimir"]
[Result "1-0"]
[WhiteElo "2094"]
[BlackElo "2005"]
[Annotator "NA"]
[PlyCount "29"]
[EventDate "2018.??.??"]
[EventType "swiss"]
[EventCountry "RUS"]
[SourceTitle "playchess.com"]
[Source "ChessBase"]
[SourceQuality "1"]
[TimeControl "5400+30"]

{[%evp 8,29,7,32767,6,32767,32767,32767,32767,-12,32767,32767,21,0,0,-33,-33,-29,-29,-46,-15,32767,-16,-19]} 1. e4 c6 2. d3 d5 3. Nd2 Nf6 4. e5 Nfd7 5. Ngf3 e6 6. Be2 c5 7. c3 Nc6 8. d4 cxd4 9. cxd4 Qb6 10. Nb3 a5 {LiveBook: 3 Partien} 11. a4 Bb4+ 12. Kf1 $1 O-O 13. g3 f6 14. exf6 Nxf6 15. Kg2 $11 1-0

[Event "22nd Alekhine FIDE 2018"]
[Site "Voronezh"]
[Date "2018.06.17"]
[Round "6"]
[White "Bobkov, Vadim"]
[Black "Artemov, Nikita"]
[Result "0-1"]
[WhiteElo "2058"]
[BlackElo "1970"]
[Annotator "NA"]
[PlyCount "77"]
[EventDate "2018.??.??"]
[EventType "swiss"]
[EventCountry "RUS"]
[SourceTitle "playchess.com"]
[Source "ChessBase"]
[SourceQuality "1"]
[TimeControl "5400+30"]

{[%evp 12,69,62,32767,72,56,49,38,32767,32767,32767,32767,32767,48,58,32767,45,47,86,61,83,57,75,76,60,35,54,54,60,32767,200,197,218,32767,238,220,218,122,119,32767,32767,32767,32767,-43,0,-526,32767,32767,32767,-510,-546,-578,-618,-842,-796,32767,-806,-773,-964,-866]} 1. d4 {[%emt 0:00:00]} Nf6 {[%emt 0:13:07]} 2. c4 {[%emt 0:00:00]} c5 {[%emt 0:00:04]} 3. d5 {[%emt 0:00:00]} g6 {[%emt 0:00:06]} 4. Nc3 {[%emt 0:00:00]} Bg7 {[%emt 0:00:06]} 5. e4 {[%emt 0:00:00]} O-O {[%emt 0:00:05]} 6. Be2 {[%emt 0:00:01]} d6 {[%emt 0:00:24]} 7. Bg5 {[%emt 0:00:23]} Qa5 {[%emt 0:01:34]} 8. Bd2 {[%emt 0:01:54]} e6 {[%emt 0:00:57]} 9. Nf3 {[%emt 0:00:33]} exd5 {[%emt 0:01:23]} 10. exd5 {[%emt 0:00:06]} Bg4 {[%emt 0:02:47]} 11. O-O {[%emt 0:00:21] E74: Königsindisch (Awerbach-Angriff)} a6 {[%emt 0:00:57]} 12. h3 {[%emt 0:05:06]} Bxf3 {[%emt 0:00:07]} 13. Bxf3 {[%emt 0:00:01]} Nbd7 {[%emt 0:02:10] LiveBook: 5 Games} 14. Qc2 {[%emt 0:01:23] [#]} Ne5 $146 {[%emt 0:06:28]} ({Vorgänger:} 14... Qc7 15. Rae1 Rfe8 16. Be2 Re7 17. f4 Rae8 18. Bf3 Rxe1 19. Rxe1 {½-½ (27) Lelenko,A (2466)-Telepnev,I (2505) ICCF email 2013}) 15. Be2 {[%emt 0:00:10]} Ne8 {[%emt 0:05:44]} 16. a4 {[%emt 0:02:14]} Qd8 {[%emt 0:06:57]} 17. f4 {[%emt 0:02:38]} Nd7 {[%emt 0:00:06]} 18. Rfe1 {[%emt 0:01:03]} f5 {[%emt 0:03:08]} 19. Bf3 {[%emt 0:00:46]} Qh4 {[%emt 0:02:27]} 20. Kh2 {[%emt 0:05:03]} Ne5 {[%emt 0:13:42]} (20... Nc7 $16 {keeps fighting.}) 21. fxe5 {[%emt 0:02:32]} Bxe5+ {[%emt 0:00:10]} 22. Kg1 {[%emt 0:20:15]} Nf6 {[%emt 0:05:55]} 23. Ne2 {[%emt 0:07:15]} Ng4 {[%emt 0:02:02]} 24. Bc3 {[%emt 0:03:51]} ({And not} 24. hxg4 fxg4 25. Ra3 Rae8 $11) (24. Qc1 $18) 24... Rae8 {[%emt 0:05:02]} 25. Bxe5 {[%emt 0:04:35]} Rxe5 {[%emt 0:00:48]} 26. Qc3 {[%emt 0:20:08]} Re3 {[%emt 0:05:08]} 27. g3 {[%emt 0:13:29]} Qh6 {[%emt 0:03:56]} 28. Nf4 $2 {[%emt 0:08:07]} (28. hxg4 $11 Rxc3 29. Nxc3) 28... Rxc3 {[%emt 0:00:35]} 29. bxc3 {[%emt 0:00:01]} Ne5 {[%emt 0:00:17]} 30. Bg2 {[%emt 0:00:33]} g5 {[%emt 0:01:36]} 31. Ne6 {[%emt 0:00:15]} Rf7 {[%emt 0:00:53]} 32. Nxc5 {[%emt 0:02:21]} f4 {[%emt 0:00:52]} 33. Rxe5 {[%emt 0:00:41]} dxe5 {[%emt 0:00:23]} 34. Ne4 {[%emt 0:00:33]} f3 $19 {[%emt 0:01:01]} 35. Bf1 {[%emt 0:00:01]} g4 {[%emt 0:01:42]} 36. hxg4 {[%emt 0:01:07]} Qe3+ {[%emt 0:02:33]} 37. Nf2 {[%emt 0:00:01]} e4 {[%emt 0:01:21]} 38. Rd1 {[%emt 0:00:09]} Qc5 {[%emt 0:00:33]} 39. d6 {[%emt 0:00:06]} 0-1

[Event "22nd Alekhine FIDE 2018"]
[Site "Voronezh"]
[Date "2018.06.17"]
[Round "6"]
[White "Selensky, Andrey"]
[Black "Gutsulyak, Nikolay"]
[Result "1/2-1/2"]
[WhiteElo "2040"]
[BlackElo "1953"]
[Annotator "NA"]
[PlyCount "99"]
[EventDate "2018.??.??"]
[EventType "swiss"]
[EventCountry "RUS"]
[SourceTitle "playchess.com"]
[Source "ChessBase"]
[SourceQuality "1"]
[TimeControl "5400+30"]

{[%evp 8,96,26,4,8,14,23,32767,32767,32767,28,29,31,54,19,41,63,69,44,0,23,39,150,32767,100,24,26,32767,32767,32767,94,32767,32767,32767,32767,32767,32767,-22,64,58,75,-74,-60,-69,0,32767,32767,32767,32767,32767,32767,32767,32767,32767,32767,32767,0,32767,32767,32767,32767,32767,32767,32767,-64,-92,-108,-106,-121,-118,-121,-121,-120,-127,-132,32767,-133,-145,32767,32767,32767,32767,32767,32767,-122,32767,32767,-120,-148,-137,-124]} 1. d4 {[%emt 0:00:00]} e6 {[%emt 0:00:05]} 2. Nf3 {[%emt 0:00:00]} f5 {[%emt 0:00:05]} 3. Bf4 {[%emt 0:01:30]} Nf6 {[%emt 0:00:12]} 4. h3 {[%emt 0:00:16]} b6 {[%emt 0:00:43]} 5. Nbd2 {[%emt 0:01:11] A80: Dutch Defence: Unusual White second moves} (5. e3 Bb7 6. Be2 Nc6 7. O-O g6 8. c4 Bg7 9. Nc3 Ne7 10. Nb5 d6 11. c5 Ne4 12. cxd6 cxd6 {1-0 (32) Grachev,B (2640)-Morozevich,A (2788) Moscow 2008}) 5... Bb7 {[%emt 0:00:26]} 6. e3 {[%emt 0:00:05] LiveBook: 16 Partien} Be7 {[%emt 0:02:32]} 7. Bc4 {[%emt 0:01:45]} Ne4 $146 {[%emt 0:02:52]} ({Predecessor:} 7... c5 8. Qe2 O-O 9. c3 Ne4 10. O-O-O {½-½ (10) Broemel,R (2172)-Luther,J (2165) Germany 2014}) 8. Qe2 {[%emt 0:02:11]} Bf6 {[%emt 0:13:16]} 9. Rg1 {[%emt 0:00:49]} d5 {[%emt 0:10:16]} 10. Bb5+ {[%emt 0:01:18]} c6 {[%emt 0:00:56]} 11. Bd3 {[%emt 0:00:04]} Nd7 {[%emt 0:01:51]} 12. g4 {[%emt 0:01:28]} c5 {[%emt 0:08:29]} 13. gxf5 {[%emt 0:05:07]} exf5 {[%emt 0:00:23]} 14. Ne5 {[%emt 0:03:03]} Bxe5 {[%emt 0:07:03]} (14... O-O $11 {keeps the balance.}) 15. dxe5 {[%emt 0:00:14]} Qe7 {[%emt 0:02:55]} 16. Bb5 {[%emt 0:02:49]} (16. Qh5+ $16 Qf7 17. Be2 Qxh5 18. Bxh5+ g6 19. Nxe4 fxe4 20. Bg4) 16... O-O {[%emt 0:21:47]} 17. Nxe4 {[%emt 0:00:49]} fxe4 {[%emt 0:01:08]} 18. Qh5 {[%emt 0:02:51]} a6 {[%emt 0:03:15]} (18... Rf7 $11 {keeps the balance.}) 19. Bxd7 {[%emt 0:01:47]} Qxd7 {[%emt 0:00:02]} 20. e6 {[%emt 0:00:22]} Qxe6 {[%emt 0:01:55]} 21. O-O-O {[%emt 0:00:29]} Rf7 {[%emt 0:01:18]} 22. Rg5 $1 {[%emt 0:01:10]} Rd8 {[%emt 0:02:01]} (22... Bc6 $11) 23. Rdg1 {[%emt 0:02:35]} d4 {[%emt 0:01:08] [#]} 24. Be5 {[%emt 0:06:14]} (24. Rxg7+ $1 $14 {[%mdl 512]} Rxg7 25. Rxg7+ Kxg7 26. Qg5+ Kf7 27. Qxd8) 24... Rdd7 {[%emt 0:01:56]} 25. Bf4 {[%emt 0:05:34]} Rd5 {[%emt 0:02:23]} (25... d3 $17 26. Re5 d2+ 27. Kd1 Qf6 28. Re8+ Rf8) 26. Rxd5 {[%emt 0:10:38]} Qxd5 {[%emt 0:00:34]} 27. Be5 {[%emt 0:00:39]} Bc6 {[%emt 0:02:17]} 28. Qg5 {[%emt 0:05:55]} g6 {[%emt 0:01:47]} 29. exd4 {[%emt 0:09:10]} cxd4 {[%emt 0:00:31]} 30. h4 {[%emt 0:02:22]} Rxf2 {[%emt 0:02:10]} 31. h5 {[%emt 0:03:43] [#]} Qc4 {[%emt 0:00:46]} (31... Qc5 $1 $17 {[%csl Gf2][%cal Rc5c2]} 32. Qd8+ Kf7 33. hxg6+ hxg6 34. Qc7+ Ke8) 32. Qd8+ {[%emt 0:00:23]} Rf8 {[%emt 0:00:26]} 33. Qxd4 {[%emt 0:00:07]} Rf1+ {[%emt 0:00:36]} 34. Rxf1 {[%emt 0:00:05]} Qxf1+ {[%emt 0:00:02]} 35. Qd1 {[%emt 0:01:21] [#]} Qxd1+ $1 {[%emt 0:00:44]} 36. Kxd1 {[%emt 0:00:04]} gxh5 {[%emt 0:00:19]} 37. Bg3 {[%emt 0:00:05]} Kf7 {[%emt 0:00:08]} 38. Ke2 {[%emt 0:00:17]} Kg6 {[%emt 0:00:11]} 39. Ke3 {[%emt 0:00:08]} Kg5 {[%emt 0:00:15]} 40. Bf4+ {[%emt 0:00:17]} Kg4 {[%emt 0:00:08]} 41. Bc7 {[%emt 0:00:08]} b5 {[%emt 0:00:12]} 42. Kf2 {[%emt 0:03:33]} h4 {[%emt 0:00:55]} 43. a3 {[%emt 0:00:45]} h5 {[%emt 0:00:30]} 44. b3 {[%emt 0:00:24]} h3 {[%emt 0:00:42]} 45. Bh2 {[%emt 0:00:21]} Bd5 {[%emt 0:01:11]} 46. Ke3 {[%emt 0:00:26]} h4 {[%emt 0:00:33]} 47. b4 {[%emt 0:02:21]} Bc6 {[%emt 0:00:36]} 48. Kf2 {[%emt 0:00:07]} Bb7 $17 {[%emt 0:00:49]} 49. Ke3 {[%emt 0:00:05]} Bd5 {[%emt 0:00:12]} 50. Kf2 {[%emt 0:00:08]} 1/2-1/2

[Event "22nd Alekhine FIDE 2018"]
[Site "Voronezh"]
[Date "2018.06.17"]
[Round "6"]
[White "Kitaev, Roman"]
[Black "Pingin, Artem"]
[Result "1/2-1/2"]
[WhiteElo "2031"]
[BlackElo "1967"]
[Annotator "NA"]
[PlyCount "106"]
[EventDate "2018.??.??"]
[EventType "swiss"]
[EventCountry "RUS"]
[SourceTitle "playchess.com"]
[Source "ChessBase"]
[SourceQuality "1"]
[TimeControl "5400+30"]

{[%evp 8,105,1,10,-1,7,10,2,32767,15,-6,-8,32767,32767,32767,-16,-20,-12,32767,32767,32767,32767,32767,32767,32767,13,7,16,0,-28,-27,-28,0,6,0,0,0,0,32767,32767,32767,32767,32767,-10,0,32767,32767,32767,6,-6,0,32767,32767,-20,32767,-14,32767,32767,32767,32767,32767,32767,32767,32767,32767,32767,-36,32767,32767,-18,-9,-11,-13,32767,-31,-44,-44,32767,32767,32767,32767,32767,32767,32767,-27,32767,32767,32767,32767,32767,32767,32767,-20,-28,-18,-22,-20,-21,-10,-11]} 1. Nf3 {[%emt 0:00:00]} d5 {[%emt 0:00:17]} 2. b3 {[%emt 0:00:00]} Bf5 {[%emt 0:00:50]} 3. Bb2 {[%emt 0:00:05]} e6 {[%emt 0:00:11]} 4. g3 {[%emt 0:00:05]} Nf6 {[%emt 0:00:07]} 5. Bg2 {[%emt 0:00:08]} Be7 {[%emt 0:00:25]} 6. O-O {[%emt 0:00:20]} h6 {[%emt 0:00:10]} 7. d3 {[%emt 0:00:05]} O-O {[%emt 0:00:38]} 8. c4 {[%emt 0:00:13]} c6 {[%emt 0:00:08]} 9. a3 {[%emt 0:00:03]} a5 {[%emt 0:00:07]} 10. Nbd2 {[%emt 0:00:05]} Bh7 {[%emt 0:00:51]} 11. Qb1 {[%emt 0:00:18] A12: English Opening: 1...c6 with b3 by White} Nbd7 {[%emt 0:01:02]} (11... Na6 12. Bc3 c5 13. cxd5 exd5 14. e4 b5 15. Re1 Qb6 16. a4 Nc7 17. axb5 Qxb5 18. Ra4 Ne6 {1-0 (67) Karjakin,S (2763)-Grischuk,A (2767) Moscow 2018}) 12. Bc3 {[%emt 0:00:26]} b5 {[%emt 0:03:24]} 13. cxb5 {[%emt 0:00:44]} cxb5 {[%emt 0:00:01]} 14. b4 {[%emt 0:00:12]} axb4 {[%emt 0:01:10]} 15. axb4 {[%emt 0:00:09]} Nb6 $146 {[%emt 0:07:01]} ({Predecessor:} 15... Rxa1 16. Qxa1 Qb6 17. Nb3 Rc8 {0-1 (39) Krnic,Z (2430)-Samovojska,D (2365) Belgrade 1988}) 16. Nb3 {[%emt 0:04:51]} Na4 {[%emt 0:03:25]} 17. Bd2 {[%emt 0:00:23]} Nd7 {[%emt 0:01:00]} 18. Na5 {[%emt 0:01:53]} Bf6 {[%emt 0:00:19]} 19. Ra2 {[%emt 0:00:06]} Nc3 {[%emt 0:13:45]} 20. Bxc3 $1 {[%emt 0:00:19]} Bxc3 {[%emt 0:00:01]} 21. Rc1 {[%emt 0:01:49]} Bf6 {[%emt 0:01:03]} 22. Rac2 {[%emt 0:12:04]} Nb6 {[%emt 0:00:11]} 23. Nd2 {[%emt 0:00:58]} Na4 {[%emt 0:07:38]} 24. Ndb3 {[%emt 0:02:12]} Bg5 {[%emt 0:05:36]} 25. Re1 {[%emt 0:08:05]} Bf6 {[%emt 0:11:28]} 26. Rec1 {[%emt 0:03:55]} Bg5 {[%emt 0:00:08]} 27. Re1 {[%emt 0:00:12]} Bf6 {[%emt 0:01:24]} 28. Nc5 {[%emt 0:03:42]} Qe7 {[%emt 0:14:33]} 29. Nxa4 {[%emt 0:25:07]} bxa4 30. Rec1 {[%emt 0:00:10]} a3 {[%emt 0:00:48]} 31. Nc6 {[%emt 0:09:44]} Qb7 {[%emt 0:00:29]} 32. b5 {[%emt 0:01:10]} a2 {[%emt 0:02:16]} 33. Rxa2 {[%emt 0:00:33]} Rxa2 {[%emt 0:00:01]} 34. Qxa2 {[%emt 0:00:09]} Qxb5 {[%emt 0:00:02]} 35. Qb1 {[%emt 0:07:33]} Qa4 {[%emt 0:00:48]} 36. Qb4 {[%emt 0:04:20]} Qxb4 {[%emt 0:00:25]} 37. Nxb4 {[%emt 0:00:25]} Bg6 {[%emt 0:00:19]} 38. Bf3 {[%emt 0:02:46]} Rb8 {[%emt 0:01:04]} 39. Na6 {[%emt 0:01:02]} Ra8 {[%emt 0:00:21]} 40. Nc5 {[%emt 0:00:26]} Rc8 {[%emt 0:02:14]} 41. Nb3 {[%emt 0:00:41]} Rxc1+ {[%emt 0:00:02]} 42. Nxc1 {[%emt 0:00:07]} Be7 {[%emt 0:00:12]} 43. e4 {[%emt 0:01:56]} dxe4 {[%emt 0:00:02]} 44. dxe4 {[%emt 0:00:14]} f6 {[%emt 0:00:05]} 45. Ne2 {[%emt 0:00:23]} Bf7 {[%emt 0:00:30]} 46. Nf4 {[%emt 0:00:07]} g5 {[%emt 0:00:12]} 47. Ng2 {[%emt 0:01:23]} Bc5 {[%emt 0:00:09]} 48. h4 {[%emt 0:00:26]} Kg7 {[%emt 0:00:09]} 49. hxg5 {[%emt 0:00:31]} hxg5 {[%emt 0:00:01]} 50. Ne1 {[%emt 0:01:11]} f5 {[%emt 0:00:22]} 51. exf5 {[%emt 0:00:46]} exf5 {[%emt 0:00:01]} 52. g4 {[%emt 0:00:13]} fxg4 $11 {[%emt 0:00:05]} 53. Bxg4 {[%emt 0:00:08]} Bd5 {[%emt 0:00:17]} 1/2-1/2